Statistiques concernant Quiz sur la carte de l'Europe en ukrainien

Cliquez ici pour prendre le quiz!

Statistiques générales

  • Ce quiz a été pris 16 fois
  • Le résultat moyen est 18 sur 45

Réponses sur la Carte

Les réponses sont colorées sur une échelle allant du rouge au vert en fonction du pourcentage des utilisateurs qui les ont devinées à leur premier essai. Vous pouvez retrouver ces pourcentages ci-dessous.
 

Statistiques - réponses

Réponse% Correct
Італія
69%
Косово
69%
Північна
Македонія
69%
Австрія
62%
Молдова
62%
Мальта
62%
Монако
62%
Боснія і
Герцеговина
62%
Естонія
54%
Сербія
54%
Франція
54%
Ірландія
46%
Іспанія
46%
Словаччина
46%
Андорра
38%
Люксембург
38%
Росія
38%
Словенія
38%
Фінляндія
38%
Литва
38%
Болгарія
38%
Ісландія
38%
Хорватія
38%
Україна
31%
Португалія
31%
Сан-Марино
31%
Румунія
31%
Ватикан
31%
Німеччина
31%
Польща
31%
Греція
31%
Норвегія
31%
Швейцарія
31%
Албанія
31%
Білорусь
31%
Бельгія
31%
Латвія
31%
Ліхтенштейн
31%
Данія
31%
Чехія
31%
Нідерланди
23%
Угорщина
23%
Швеція
15%
Чорногорія
15%
Об'єднане
Королівство
15%

Distribution des résultats

Percentile par nombre de réponses

% des personnes avec chaque résultat

Votre développement - résultats

Vous n’avez pas pris ce quiz